| 000 | 00992nas a2200325 4500 | ||
|---|---|---|---|
| 001 | BR0810571 | ||
| 003 | BR-BrBNA | ||
| 005 | 20231205112946.0 | ||
| 007 | ta | ||
| 008 | 230509b bl.|||p| |||| 00| 00por d | ||
| 040 |
_aBR-BrBNA _bpor _cBiblioteca Nacional de Agricultura |
||
| 041 | _a(Pt) | ||
| 072 | _aF02 | ||
| 100 | 1 | _aGalvanese, M.S. | |
| 100 | 1 | _aTavares, A.R. | |
| 100 | 1 | _aAguiar, F.F.A. | |
| 100 | 1 | _aKanashiro, S. | |
| 100 | 1 | _aChu, E.P. | |
| 100 | 1 | _aStancato, G.C. | |
| 100 | 1 | _aHarder, I.C.F. | |
| 245 | 1 | _aEfeito de Ana, 6-Ba e Ágar na propagação in vitro de Aechmea Blanchetiana (Baker)L.B. Smith, bromélia nativa da mata | |
| 650 | _aREGULADOR DE CRESCIMENTO | ||
| 650 | _aBROMÉLIA | ||
| 650 | _aMATÉRIA SECA | ||
| 650 | _aSEMEADURA | ||
| 650 | _aPROPAGAÇÃO VEGETATIVA | ||
| 773 | 0 |
_tRevista Ceres (Brazil) _xISSN 0034-737X _g(Jan-Feb 2007), v. 54(311) p. 63-67 _wBR0810571 |
|
| 909 |
_a202311 _bLúcia _c55 _dLúcia Elande |
||
| 942 |
_2AGRIS _n0 _cANA |
||
| 999 |
_c201018 _d201018 |
||